Les fortifications de Vauban vues du ciel - Statistiques

Statistiques générales
  • Ce quiz a été pris 30 fois
  • Le résultat moyen est 5 sur 12
Statistiques - réponses
Par images Réponse % Correct
Neuf-Brisach
69%
Besançon
65%
Briançon
58%
Blaye
54%
Saint-Martin-de-Ré
50%
Mont-Dauphin
46%
Arras
42%
Mont-Louis
35%
Villefranche-de-Conflent
35%
Camaret-sur-mer
31%
Longwy
31%
Saint-Vaast-la-Hougue
23%
Aucun quiz correspondant
Distribution des résultats
% des personnes avec chaque résultat
Percentile par nombre de réponses
Votre historique - résultats
Vous n’avez pas pris ce quiz